<?xml version="1.0" encoding="UTF-8"?>
<record
    xmlns:xsi="http://www.w3.org/2001/XMLSchema-instance"
    xsi:schemaLocation="http://www.loc.gov/MARC21/slim http://www.loc.gov/standards/marcxml/schema/MARC21slim.xsd"
    xmlns="http://www.loc.gov/MARC21/slim">

  <leader>02668nam a2200361   4500</leader>
  <controlfield tag="003">OSt</controlfield>
  <controlfield tag="005">20260512072154.0</controlfield>
  <controlfield tag="008">260512b        |||||||| |||| 00| 0 aze d</controlfield>
  <datafield tag="020" ind1=" " ind2=" ">
    <subfield code="a">5806610808</subfield>
  </datafield>
  <datafield tag="040" ind1=" " ind2=" ">
    <subfield code="a">AZ-XaKU</subfield>
    <subfield code="b">aze</subfield>
    <subfield code="c">AZ-XaKU</subfield>
  </datafield>
  <datafield tag="041" ind1="0" ind2=" ">
    <subfield code="a">aze</subfield>
  </datafield>
  <datafield tag="050" ind1="1" ind2="4">
    <subfield code="a">TJ175 .Ab332 2003</subfield>
  </datafield>
  <datafield tag="100" ind1="1" ind2=" ">
    <subfield code="a">Abdullayev, A.H.,</subfield>
    <subfield code="e">m&#xFC;&#x259;llif.</subfield>
  </datafield>
  <datafield tag="245" ind1="1" ind2=" ">
    <subfield code="a">Ma&#x15F;&#x131;n detallar&#x131; v&#x259; konstruksiyaetm&#x259;nin &#x259;saslar&#x131;</subfield>
    <subfield code="c">/ A.H. Abdullayev, R.K.M&#x259;mm&#x259;dov, M.H.G&#xFC;m&#x259;yev ; r&#x259;y ver&#x259;nl&#x259;r R.&#x130;.&#x18F;lizad&#x259;, V.Z.M&#xF6;vlazad&#x259;</subfield>
  </datafield>
  <datafield tag="264" ind1=" " ind2=" ">
    <subfield code="a">Bak&#x131;:</subfield>
    <subfield code="b">"Elm" n&#x259;&#x15F;riyyat&#x131;,</subfield>
    <subfield code="c">2003.</subfield>
  </datafield>
  <datafield tag="300" ind1=" " ind2=" ">
    <subfield code="a">462 s&#x259;hif&#x259;;</subfield>
    <subfield code="b">&#x15F;&#x259;kil, c&#x259;dv&#x259;l,</subfield>
    <subfield code="c">23.5 sm.</subfield>
  </datafield>
  <datafield tag="336" ind1=" " ind2=" ">
    <subfield code="a">text</subfield>
    <subfield code="b">txt</subfield>
    <subfield code="2">rdacontent</subfield>
  </datafield>
  <datafield tag="337" ind1=" " ind2=" ">
    <subfield code="a">unmediated</subfield>
    <subfield code="b">n</subfield>
    <subfield code="2">rdamedia</subfield>
  </datafield>
  <datafield tag="338" ind1=" " ind2=" ">
    <subfield code="a">volume </subfield>
    <subfield code="b">nc</subfield>
    <subfield code="2">rdacarrier</subfield>
  </datafield>
  <datafield tag="500" ind1=" " ind2=" ">
    <subfield code="a">D&#x259;rs v&#x259;saiti Az&#x259;rbaycan Respublikas&#x131; T&#x259;hsil Nazirliyinin 722 sayl&#x131; 19.07.2000-ci il tarixli q&#x259;rar&#x131;na m&#xFC;vafiq olaraq texniki ali m&#x259;kt&#x259;bl&#x259;rin mexanika ixtisaslar&#x131;nda t&#x259;hsil alan t&#x259;l&#x259;b&#x259;l&#x259;r &#xFC;&#xE7;&#xFC;n burax&#x131;lm&#x131;&#x15F;d&#x131;r.</subfield>
  </datafield>
  <datafield tag="504" ind1=" " ind2=" ">
    <subfield code="a">&#x18F;d&#x259;biyyat siyah&#x131;s&#x131;: s. 453</subfield>
  </datafield>
  <datafield tag="505" ind1="0" ind2=" ">
    <subfield code="a">Giri&#x15F; -- F&#x259;sil 1. &#x130;ntiqal&#x131;n kinematik hesab&#x131; -- F&#x259;sil 2. &#xD6;t&#xFC;rm&#x259;l&#x259;rin hesab&#x131; -- F&#x259;sil 3. Eskiz layih&#x259;l&#x259;ndirilm&#x259;si -- F&#x259;sil 4. Di&#x15F;li &#xE7;arxlar&#x131;n, sonsuz vint &#xE7;arxlar&#x131;n&#x131;n, sonsuz vintl&#x259;rin, qasnaqlar&#x131;n v&#x259; ulduzcuqlar&#x131;n konstruksiya olunmas&#x131; -- F&#x259;sil 5. Val-top birl&#x259;&#x15F;dirm&#x259;si -- F&#x259;sil 6. Yast&#x131;q d&#xFC;y&#xFC;ml&#x259;rinin konstruksiya olunmas&#x131; -- F&#x259;sil 7. St&#x259;kanlar&#x131;n v&#x259; yast&#x131;q qapaqlar&#x131;n&#x131;n konstruksiya olunmas&#x131; -- F&#x259;sil 8. Ya&#x11F;lama qur&#x11F;ular&#x131; v&#x259; kipl&#x259;&#x15F;diricil&#x259;r -- F&#x259;sil 9. G&#xF6;vd&#x259; detallar&#x131;n&#x131;n konstruksiya olunmas&#x131; -- F&#x259;sil 10. Vallar&#x131;n konstruksiya olunmas&#x131; -- F&#x259;sil 11. Di&#x15F;li &#xE7;arx v&#x259; sonsuz vint &#xF6;t&#xFC;rm&#x259;si d&#xFC;y&#xFC;ml&#x259;rinin konstruksiyalar&#x131;na aid misallar -- F&#x259;sil 12. M&#xFC;ftalar -- F&#x259;sil 13. &#x130;ntiqal&#x131;n layih&#x259;l&#x259;ndirilm&#x259;sin&#x259; aid misallar -- F&#x259;sil 14. Ma&#x15F;&#x131;n detallar&#x131;n&#x131;n avtomatla&#x15F;d&#x131;r&#x131;lm&#x131;&#x15F; layih&#x259;l&#x259;ndirilm&#x259;si -- F&#x259;sil 15. Layih&#x259;nin i&#x15F;&#xE7;i s&#x259;n&#x259;dl&#x259;rinin t&#x259;rtib olunmas&#x131; -- F&#x259;sil 16. Sor&#x11F;u c&#x259;dv&#x259;ll&#x259;ri, reduktor v&#x259; s&#xFC;r&#x259;tl&#x259;r qutular&#x131;n&#x131;n konstruksiyalar&#x131;.</subfield>
  </datafield>
  <datafield tag="520" ind1="0" ind2=" ">
    <subfield code="a">&#xDC;mumi t&#x259;yinatl&#x131; ma&#x15F;&#x131;n detallar&#x131;n&#x131;n, d&#xFC;y&#xFC;ml&#x259;rin, mexanizml&#x259;rin hesablanma v&#x259; konstruksiyaedilm&#x259;sinin n&#x259;z&#x259;ri &#x259;sas&#x131; verilmi&#x15F;dir.</subfield>
  </datafield>
  <datafield tag="521" ind1=" " ind2=" ">
    <subfield code="a">Texniki ali m&#x259;kt&#x259;bl&#x259;rin mexanika ixtisaslar&#x131;nda t&#x259;hsil alan t&#x259;l&#x259;b&#x259;l&#x259;r &#xFC;&#xE7;&#xFC;n burax&#x131;lm&#x131;&#x15F;d&#x131;r.</subfield>
  </datafield>
  <datafield tag="650" ind1=" " ind2="7">
    <subfield code="a">Ma&#x15F;&#x131;nqay&#x131;rma</subfield>
    <subfield code="2">AZ-XaKU</subfield>
  </datafield>
  <datafield tag="655" ind1=" " ind2=" ">
    <subfield code="2">Az-XaKU</subfield>
    <subfield code="a">D&#x259;rs v&#x259;saiti</subfield>
  </datafield>
  <datafield tag="700" ind1="1" ind2=" ">
    <subfield code="a">M&#x259;mm&#x259;dov, R.K.,</subfield>
    <subfield code="e">m&#xFC;&#x259;llif.</subfield>
  </datafield>
  <datafield tag="700" ind1="1" ind2=" ">
    <subfield code="a">G&#xFC;m&#x259;yev, M.H.,</subfield>
    <subfield code="e">m&#xFC;&#x259;llif. </subfield>
  </datafield>
  <datafield tag="700" ind1="1" ind2=" ">
    <subfield code="a">&#x18F;lizad&#x259;, R.&#x130;.,</subfield>
    <subfield code="e">r&#x259;y&#xE7;i.</subfield>
  </datafield>
  <datafield tag="700" ind1="1" ind2=" ">
    <subfield code="a">M&#xF6;vlazad&#x259;, V.Z.,</subfield>
    <subfield code="e">r&#x259;y&#xE7;i.</subfield>
  </datafield>
  <datafield tag="942" ind1=" " ind2=" ">
    <subfield code="c">BOOK</subfield>
  </datafield>
  <datafield tag="999" ind1=" " ind2=" ">
    <subfield code="c">409</subfield>
    <subfield code="d">409</subfield>
  </datafield>
  <datafield tag="952" ind1=" " ind2=" ">
    <subfield code="0">0</subfield>
    <subfield code="1">0</subfield>
    <subfield code="2">lcc</subfield>
    <subfield code="4">0</subfield>
    <subfield code="7">0</subfield>
    <subfield code="8">GC</subfield>
    <subfield code="a">KU</subfield>
    <subfield code="b">KU</subfield>
    <subfield code="d">2026-05-12</subfield>
    <subfield code="l">0</subfield>
    <subfield code="o">TJ175 .Ab332 2003</subfield>
    <subfield code="p">0000000334</subfield>
    <subfield code="r">2026-05-12 07:22:26</subfield>
    <subfield code="t">1</subfield>
    <subfield code="w">2026-05-12</subfield>
    <subfield code="y">BOOK</subfield>
  </datafield>
</record>
